00000000cam 2200000zi 4500
0019.846796
003CaOODSP
00520260506135959
006m     o  d f      
007cr |||||||||||
008171108s1971    onc     o    f000 0 eng d
040 |aCaOODSP|beng|erda|cCaOODSP
043 |an-cn---
0861 |aR44-137/1971E-PDF
24500|aUniversity graduates to December 1971.
24614|aIndian university graduates
260 |a[Ottawa?] : |bDepartment of Indian Affairs and Northern Development, Employment and Related Services Division, |c[1971]
300 |a1 online resource (1 volume in various pagings)
500 |aDigitized edition from print [produced by Indigenous and Northern Affairs Canada].
520 |a"From time to time the Department of Indian Affairs and Northern Development is requested for the names of people of Indian status who have received university degrees. For this reason the following list of graduates has been compiled from regional staff reports"--p. [1].
650 0|aIndigenous peoples|xEducation|zCanada.
650 6|aAutochtones|xÉducation|zCanada.
7101 |aCanada. |bIndian and Northern Affairs Canada, |eissuing body.
85640|qPDF|s751 KB|uhttps://publications.gc.ca/collections/collection_2026/rcaanc-cirnac/R44-137-1971-eng.pdf
986 |aIAND Publication No. QS-1110-000-EE-A-11